A-Z giỏi tiếng Anh, học tiếng Anh với mẫu câu căn bản kèm hình minh họa cho Sv tiếng Thái

Uloženo v:
Podrobná bibliografie
Médium: Kniha
Tagy: Přidat tag
Žádné tagy, Buďte první, kdo otaguje tento záznam!
Thư viện lưu trữ: Mạng thư viện Đại học Đà Nẵng
LEADER 00502nam a22001691a 4500
001 000036687
003 12982
005 20160412012709.0
008 160412s0 000
082 |a 4T(07)77 
245 |a A-Z giỏi tiếng Anh, học tiếng Anh với mẫu câu căn bản kèm hình minh họa cho Sv tiếng Thái  |c Chaj Thara Trakul 
OWN |a LNN 
999 |a From the UDN01 
TYP |a Monograph 
980 |a Mạng thư viện Đại học Đà Nẵng